| 000 | 00444nam a2200157Ia 4500 | ||
|---|---|---|---|
| 008 | 230718s9999 xx 000 0 und d | ||
| 020 | _a9789381075722 | ||
| 041 | _aeng | ||
| 082 |
_a621.3815'3 _bBHA |
||
| 100 | _aBhargava S.C. | ||
| 245 | _aElectrical Measuring Instruments And Measurements | ||
| 260 | _bBS Publications | ||
| 365 |
_cRs. _b650.00 |
||
| 700 | _aBhargava S.C. | ||
| 906 |
_dO:0378117-Feb-2014B:IN 273231-Jan-2014 _cINST _b780 |
||
| 999 |
_c335514 _d335514 |
||